Numéro de compte comptable - Statistiques

Statistiques générales
  • Ce quiz a été pris 461 fois
  • Le résultat moyen est 21 sur 41
Statistiques - réponses
Hint Réponse % Correct
Capital 101
87%
Fournisseurs 401
85%
Banque 512
84%
Client 411
82%
Achat de Matière première, fourniture 601
73%
Achat marchandise 607
72%
Fournisseurs d’immobilisation 404
69%
Vente de marchandise 707
68%
TVA déductible biens et services 44566
67%
Vente de produit fini 701
66%
Achat Fourniture non stockable 606
63%
Prestations de service 706
62%
TVA collectée 44571
59%
Caisse 530
59%
TVA déductible immobilisation 44562
57%
Vente de produit intermédiaire 702
51%
Emprunt auprès des établissements de crédits 164
50%
Constructions 213
50%
Immobilisations corporelles : ITMOI 215
50%
Personnel rémunération due 421
49%
Locations 613
48%
Rémunération d’intermédiaire et honoraire 622
46%
TVA à payer 4455
45%
Charges RRR 609
45%
Frais postaux 626
45%
Réserves 106
44%
Crédit bail 612
44%
Publicité 623
44%
Produit RRR 709
42%
Sécurité sociale 431
40%
Produit des activités annexes 708
40%
Rémunération d’interimaire 621
39%
Fonds commercial 207
38%
Rémunération du personnel 641
38%
Charges d’intérêt 661
38%
Personnel acompte versé 425
33%
Autres organismes sociaux 437
33%
Immobilisations corporelles : Matériel de transport 2182
31%
Immobilisations corporelles : Informatique 2183
30%
Immobilisations corporelles : Mobilier 2184
30%
Cotisations de sécurité sociale et de prévoyance 645
30%
Aucun quiz correspondant
Distribution des résultats
% des personnes avec chaque résultat
Percentile par nombre de réponses
Votre historique - résultats
Vous n’avez pas pris ce quiz